000 00423nam a2200157Ia 4500
008 210716s2001 xx 000 0 und d
020 _a9780130284181
041 _aeng
082 _a004.6P DEIH
100 _aDeitel, H M;Deitel, P J;Nieto, T R;Mcphie, D C.
245 _aPearl how to program.
250 _a1
260 _aNew Jersey
_bPrentice Hall
_c2001
300 _axliii,1057
650 _aComputer Network(004.6)
999 _c187404
_d187404